|
|
|
|
| LEADER |
00000nab a2200000ua 4500 |
| 001 |
vtls010842113 |
| 003 |
SK-MaSNL |
| 005 |
20260303103808.0 |
| 008 |
230121s1984 xo |||||||||||||||||slo| |
| 035 |
|
|
|a (urnnbn)urn:nbn:sk:snk:ar-a06z0n
|
| 035 |
|
|
|a urn:nbn:sk:snk-ab64ia
|
| 035 |
|
|
|a (uuid)a17d0a2e-6924-44d6-aea1-c4be8e3bd747
|
| 040 |
|
|
|a SNKBUCL
|b slo
|c SNKBUCL
|e AACR2
|
| 041 |
0 |
|
|a slo
|
| 044 |
|
|
|a xo
|c SK
|
| 100 |
1 |
|
|a Pribiš, Ján
|4 aut
|9 398741
|
| 245 |
1 |
0 |
|a VPLYV MASÍVU VYSOKÝCH TATIER NA MODIFIKÁCIU PRÚDENIA V ATMOSFÉRE
|c Ján Pribiš, Zenobia Litynska
|
| 700 |
1 |
|
|a Litynska, Zenobia
|4 aut
|9 1117879
|
| 773 |
0 |
|
|t Meteorologické zprávy
|g Roč. 37, č. 5 (1984), s. 131-136
|
| 954 |
|
|
|a odborná, vedecká literatúra pôvodná (slovenská)
|2 lita
|
| 958 |
|
|
|a OND
|
| 958 |
|
|
|a EUIPO
|
| 958 |
|
|
|a article5
|
| 999 |
|
|
|c 1852002
|d 1853932
|